000 00575nam a2200157 a 4500
001 000038997
005 20201002031443.0
008 130510s2004 dr 000 0 spa d
040 _aDO-SdBNP
_bspa
_cBNPHU
100 1 _aAstacion Santana, Abel
_d1958-
_965247
245 1 0 _aDe la jungla a la ciencia /
_cAbel Astacio Santana ; prólogo Apolinar Antonio D León M.
260 _a[Santo Domingo] :
_bGráfica William,
_c2004.
300 _a217 p. ;
_c22 cm.
500 _aIncluye datos biográficos del autor en la contracubierta
700 1 _aLeón M., Apolinar D.,
_epról.
_965248
999 _c38487
_d38487